Semantic Incorporation and Indefinite Descriptions : (Record no. 622847)

MARC details
000 -LEADER
fixed length control field 00561nam a2200193 a 4500
008 - FIXED-LENGTH DATA ELEMENTS--GENERAL INFORMATION
fixed length control field 260507s1998##################000#0#eng##
020 ## - INTERNATIONAL STANDARD BOOK NUMBER
ISBN 9781575861326
082 04 - DEWEY DECIMAL CLASSIFICATION NUMBER
Classification number 415
Item number GEE
100 1# - MAIN ENTRY--AUTHOR NAME
Personal name Geenhoven, Veerle Van,
245 10 - TITLE STATEMENT
Title Semantic Incorporation and Indefinite Descriptions :
260 ## - PUBLICATION, DISTRIBUTION, ETC. (IMPRINT)
Name of publisher Stanford Univ Center for the Study,
Year of publication 1998.
300 ## - PHYSICAL DESCRIPTION
Number of Pages 247 pages
650 #0 - SUBJECT ADDED ENTRY--TOPICAL TERM
Topical Term Language Arts & Disciplines.
942 ## - ADDED ENTRY ELEMENTS (KOHA)
Koha item type English Books
Holdings
Withdrawn status Lost status Damaged status Not for loan Home library Current library Shelving location Date acquired Full call number Accession Number Price effective from Koha item type
        Anna Centenary Library Anna Centenary Library 4TH FLOOR, B WING 07.05.2026 415 GEE 103189 07.05.2026 English Books

Find us on the map